Hidráulica práctica (Registro nro. 21535)

Detalles MARC
000 -Cabecera
Campo de control interno 00471nam a22002057a 4500
005 - Fecha y hora del registro
control field 20260311135609.0
008 - Elementos de Longitud Fija
fixed length control field 260311b |||||||| |||| 00| 0 spa d
041 ## - Idioma
Codigo Idioma ESP
082 ## - DEWEY y NOTACIÓN INTERNA
Dewey 627
Notación Interna M26
100 ## - AUTOR
Autor denominación Martínez Marín, Eduardo
245 ## - TÍTULO DE MATERIAL BIBLIOGRÁFICO
Título Hidráulica práctica
260 ## - CIUDAD, EDITORIAL, AÑO
Ciudad :
Nombre de la Editorial ,
Año 2016
300 ## - DESCRIPCIÓN
N° Páginas xiii, 364 páginas :
Otros detalles ;
Dimensiones 24 cm.
440 ## - MENCIÓN DE SERIE
Título de la Serie ;
650 ## - TEMAS
Temas Tecnología (Ciencias Aplicadas)
654 ## - PROGRAMAS
Programa Dpto. de Ingeniería Industrial
700 ## - OTROS AUTORES
Otros autores ;
942 ## - ELEMENTOS DE KOHA
Tipo de documento Libro
Nombre del creador Justo Noguera
Código de catalogador Justo Noguera
Esquema de clasificación Dewey Decimal Classification
Existencias
Codigo completo Registro Colección Copia número Disponibilidad Tipo de préstamo Biblioteca Actual Procedencia (Biblioteca) Ubicacón Fecha Ingreso Tipo de Adquisición Date last seen Total checkouts Total renewals Date due Date last checked out Price effective from Tipo de Item Estado del Material Fuente de Clasificación Damaged status Withdrawn status
627 M26 1061407 Universidad Católica San Pablo 1 Disponible Disponible Víctor Andrés Belaunde Víctor Andrés Belaunde Segundo piso 11/03/2026 Compra 11/03/2026 1 1 18/03/2026 11/03/2026 11/03/2026 Libro Bueno Dewey Decimal Classification